| 000 | 01086nam a22002537 4500 | ||
|---|---|---|---|
| 999 |
_c1526 _d1526 |
||
| 003 | AR-BaISA | ||
| 005 | 20231129145705.0 | ||
| 007 | ta | ||
| 008 | 231129s2004 ag ado|| |||| 001 0 spa d | ||
| 020 | _a8480197498 | ||
| 040 |
_bspa _cAR-BaISA |
||
| 082 | 0 | 4 |
_222 _a612.044 W714 |
| 100 | 1 |
_93244 _aWilmore, Jack H. _eaut. |
|
| 245 | 1 | 0 |
_aFisiología del esfuerzo y del deporte / _cJack H. Wilmore, David L. Costill |
| 250 | _a5ª ed. | ||
| 260 |
_aBarcelona: _bPaidotribo, _c2004 |
||
| 300 |
_aXVIII, 715 p.: _bil., fotos, gráfs., tablas |
||
| 504 | _aBibliografía al final de cada capítulo. | ||
| 504 | _aÍndice analítico p.: 703-715. | ||
| 505 |
_tCuestiones esenciales del movimiento -- _tEnergía para el movimiento -- _tFunción cardiorrespiratoria y rendimiento -- _tInfluencias ambientales sobre el rendimiento -- _tOptimización del rendimiento deportivo -- _tPoblaciones especiales en el deporte y en el ejercicio -- _tActividad física para la salud y el fitness |
||
| 650 | 1 | 0 |
_9394 _aMedicina deportiva |
| 700 | 1 |
_93245 _aCostill, David L. _eaut. |
|
| 942 |
_2ddc _cLI _e22 |
||